000 00205 a2200085 4500
020 _a978-0415482158
100 _aBrian Greenhalgh
245 _aIntroduction to Building Procurement
260 _bRoutledge
_c2011
999 _c13580
_d13580